WDM technologies : (Record no. 188670)
[ view plain ]
| 000 -LEADER | |
|---|---|
| fixed length control field | 01002 a2200241 4500 |
| 003 - CONTROL NUMBER IDENTIFIER | |
| control field | Nust |
| 005 - DATE AND TIME OF LATEST TRANSACTION | |
| control field | 20221222184228.0 |
| 010 ## - LIBRARY OF CONGRESS CONTROL NUMBER | |
| LC control number | 2004048502 |
| 020 ## - INTERNATIONAL STANDARD BOOK NUMBER | |
| International Standard Book Number | 8181477189 (alk. paper) |
| 040 ## - CATALOGING SOURCE | |
| Transcribing agency | Nust |
| 082 00 - DEWEY DECIMAL CLASSIFICATION NUMBER | |
| Classification number | 621.3827,WDM |
| 245 00 - TITLE STATEMENT | |
| Title | WDM technologies : |
| Remainder of title | optical networks : volume III / |
| Statement of responsibility, etc. | edited by Achyut K. Dutta, Niloy K. Dutta, Masahiko Fujiwara. |
| 260 ## - PUBLICATION, DISTRIBUTION, ETC. | |
| Place of publication, distribution, etc. | Amsterdam ; |
| -- | Boston : |
| Name of publisher, distributor, etc. | Elsevier Academic Press, |
| Date of publication, distribution, etc. | c2004. |
| 300 ## - PHYSICAL DESCRIPTION | |
| Extent | xix, 315 p. : |
| Other physical details | ill. ; |
| Dimensions | 24 cm. |
| 505 ## - FORMATTED CONTENTS NOTE | |
| Formatted contents note | Part 1: Overview and WDM/TDM Perspectives (Page-11), Part 2: Critical Technologies (Page-63), Part 3: Applications (Page-189). |
| 650 #0 - SUBJECT ADDED ENTRY--TOPICAL TERM | |
| Topical term or geographic name entry element | Telecommunication Engineering |
| 700 1# - ADDED ENTRY--PERSONAL NAME | |
| Personal name | Dutta, Achyut K. |
| 9 (RLIN) | 105717 |
| 700 1# - ADDED ENTRY--PERSONAL NAME | |
| Personal name | Dutta, N. K. |
| Dates associated with a name | 1953- |
| 9 (RLIN) | 105718 |
| 700 1# - ADDED ENTRY--PERSONAL NAME | |
| Personal name | Fujiwara, Masahiko. |
| 9 (RLIN) | 105719 |
| 856 41 - ELECTRONIC LOCATION AND ACCESS | |
| Materials specified | Publisher description |
| Uniform Resource Identifier | <a href="http://www.loc.gov/catdir/description/els051/2004048502.html">http://www.loc.gov/catdir/description/els051/2004048502.html</a> |
| 856 41 - ELECTRONIC LOCATION AND ACCESS | |
| Materials specified | Table of contents |
| Uniform Resource Identifier | <a href="http://www.loc.gov/catdir/toc/els051/2004048502.html">http://www.loc.gov/catdir/toc/els051/2004048502.html</a> |
| 942 ## - ADDED ENTRY ELEMENTS (KOHA) | |
| Source of classification or shelving scheme | |
| Koha item type | Book |
| Withdrawn status | Lost status | Source of classification or shelving scheme | Damaged status | Not for loan | Permanent Location | Current Location | Shelving location | Date acquired | Full call number | Barcode | Date last seen | Price effective from | Koha item type | Public note |
|---|---|---|---|---|---|---|---|---|---|---|---|---|---|---|
| Military College of Signals (MCS) | Military College of Signals (MCS) | General Stacks | 12/12/2016 | 621.3827,WDM | MCS32324 | 12/08/2016 | 12/12/2016 | Book | Almirah No.38, Shelf No.1 |
